Guidance and Counselling (Record no. 4637)

MARC details
000 -LEADER
fixed length control field 00560nam a22001697a 4500
008 - FIXED-LENGTH DATA ELEMENTS--GENERAL INFORMATION
fixed length control field 260415b |||||||| |||| 00| 0 eng d
020 ## - INTERNATIONAL STANDARD BOOK NUMBER
ISBN 9789331320230
100 ## - MAIN ENTRY--AUTHOR
Author Thamarasseri, Ismail
245 ## - TITLE STATEMENT
Title Guidance and Counselling
260 ## - PUBLICATION, DISTRIBUTION, ETC. (IMPRINT)
Place of publication New-Delhi
Name of publisher A.P.H. Publishing Corporation
Date of publication 2019
300 ## - COLLATION
Pagination xi, 126p.
650 ## - TRACINGS
Main Subject Educational Counselling
Subdivision (1st) Student guidance, counseling, and educational counseling services
Subdivision (2nd) Theory and practice of education
700 ## - ADDITIONAL AUTHOR
Additional Author Krishnan, Dinesh Kumar
942 ## - ADDED ENTRY ELEMENTS (KOHA)
Item type Books
050 ## - LIBRARY OF CONGRESS CALL NUMBER
Classification number LB1027
Item number .T43
Holdings
Source of classification or shelving scheme Not for loan Permanent location Current location Date acquired Accession No. Full call number Barcode. Copy number Koha item type
Library of Congress Classification   Samuel Ogbemudia Main Library, University of Abuja Samuel Ogbemudia Main Library, University of Abuja 04/15/2026 2025/68821 LB1027 .T43 2026-0127 1 Books